000 00595nam a22002052 4500
001 0000009735
005 20151217155843.0
008 081125s xx 000 0 eng d
040 _aKABU
_cKABU
100 1 _aLewin, Evans.
_@0000161498
245 1 4 _aThe Germans and Africa /
_cEvans Lewis.
250 _aRev. ed.
260 _aLondon :
_bCassell,
_c1939.
300 _a372 p.
651 0 _aAfrica
_xColonization.
_@0000161452
651 0 _aGermany
_xColonies
_zAfrica.
_@0000161499
852 1 _9p400 KES
908 _a081125
950 _@1
999 _c13257
_d13257